Powiaty graniczące z Gdańskiem - Statystyki

Ogólne statystyki
  • Ten quiz został rozwiązany 38 razy
  • Średni wynik to 4 z 5
Statystyki odpowiedzi
Typ powiatu Powiat % Poprawnych
Grodzki Gdynia
94%
Grodzki Sopot
94%
Ziemski Gdański
84%
Ziemski Kartuski
74%
Ziemski Nowodworski
61%
Nie znaleziono quizów pasujących do podanych kryteriów
Rozkład punktacji
Procent ludzi z każdym wynikiem
Percentyl według liczby udzielonych odpowiedzi
Twoja historia wyników
Nie rozwiązałeś tego quizu